Statistics for All countries with a population of 25 million with hints

Click here to take the quiz!

General Stats

  • This quiz has been taken 38 times
  • The average score is 47 of 57

Answer Stats

Starting letterPopulationAnswer% Correct
C1,432 millionChina
100%
I1,342 millionIndia
100%
N25 millionNiger
100%
N164 millionNigeria
100%
B209 millionBrazil
97%
E102 millionEgypt
97%
I221 millionIndonesia
97%
J114 millionJapan
97%
R127 millionRussia
97%
U67 millionUnited Kingdom
97%
U331 millionUnited States of America
97%
A44 millionArgentina
93%
E117 millionEthiopia
93%
F64 millionFrance
93%
I76 millionIran
93%
M125 millionMexico
93%
S52 millionSouth Africa
93%
T81 millionTurkey
93%
V96 millionVietnam
93%
G83 millionGermany
90%
I40 millionIraq
90%
I61 millionItaly
90%
P213 millionPakistan
90%
P106 millionPhilippines
90%
T71 millionThailand
90%
B145 millionBangladesh
87%
D84 millionDemocratic Republic of the Congo
87%
M(B)50 millionMyanmar
87%
S46 millionSpain
87%
V28 millionVenezuela
87%
A43 millionAlgeria
83%
C46 millionColombia
83%
U45 millionUganda
83%
C36 millionCanada
80%
K48 millionKenya
80%
P32 millionPeru
80%
P37 millionPoland
80%
U42 millionUkraine
80%
T54 millionTanzania
77%
A25 millionAustralia
73%
M32 millionMalaysia
73%
M31 millionMozambique
73%
S47 millionSouth Korea
73%
S42 millionSudan
73%
A38 millionAfghanistan
70%
G31 millionGhana
70%
M35 millionMorocco
70%
S34 millionSaudi Arabia
67%
I(C)26 millionIvory Coast
63%
T25 millionTaiwan
63%
Y29 millionYemen
60%
U33 millionUzbekistan
57%
A32 millionAngola
53%
C26 millionCameroon
53%
M27 millionMadagascar
50%
N25 millionNorth Korea
43%
N29 millionNepal
40%

Score Distribution

Percentile by Number Answered

Percent of People with Each Score

Your Score History

You have not taken this quiz